000 00557nam a22002177a 4500
003 UA-OsUOA
001 35922
007 ta
008 20060702b un ||||| |||| 00| 0 ukr d
090 _a81'36
942 _cBK
040 _aUA-OsUOA
_bger
_cUA-OsUOA
_dUA-OsUOA
245 _aTaufend Anglische Sprachubungen
300 _a54 с.
955 _a1
041 _ager
080 _a81'36
260 _aАнновер
650 7 _a8 Мовознавство. Художня література. Літературознавство
_2UDC
999 _c424233
_d424233